000 00490nam a2200181Ia 4500
001 17620
005 20260306171530.0
008 260306s9999||||xx |||||||||||||| ||und||
041 _aESP
082 _a658.1
_bM96
100 _aMuñiz, Luis
_eAUT
245 0 _aPlanes de negocio y estudios de viabilidad:
_baplicación en excel para su realización y seguimiento
260 _c2010
300 _a187 páginas :
_c23 cm.
650 _aGEN
654 _aCAN
942 _cLIB
_dJUS
_fJUS
_2ddc
_n
999 _c17620
_d17620